[Event "World Rapid Women 2018"]
[Site "St Petersburg RUS"]
[Date "2018.12.26"]
[Round "4.60"]
[White "Nebolsina, Vera"]
[Black "Diakonova, Ekaterina"]
[Result "1-0"]
[WhiteTitle "WGM"]
[WhiteElo "2242"]
[BlackElo "2225"]
[WhiteFideId "4163591"]
[BlackFideId "24172936"]
[EventDate "2018.12.26"]

1. e4 c6 2. d4 d5 3. exd5 cxd5 4. c3 Nc6 5. Bd3 Nf6 6. Bf4 Bg4 7. Qb3 Qd7 8. Nd2
e6 9. Ngf3 Bd6 10. Be5 Be7 11. h3 Bh5 12. Bh2 Bg6 13. Bxg6 hxg6 14. Ne5 Qc8 15.
Ndf3 Nd7 16. O-O Ndxe5 17. dxe5 a6 18. Qa4 b5 19. Qg4 Na5 20. Bf4 Qc4 21. b3 Qd3
22. Nd4 Rh4 23. Qg3 Qxg3 24. Bxg3 Re4 25. Rfd1 Ba3 26. f3 Rxd4 27. cxd4 Rc8 28.
Be1 Nc6 29. Rab1 b4 30. Kf1 Na7 31. Ke2 Rc2+ 32. Rd2 Rc3 33. Kd1 Nb5 34. Rc2
Rxc2 35. Kxc2 Nxd4+ 36. Kd3 Nc6 37. f4 f6 38. Bg3 g5 39. exf6 gxf6 40. fxg5 fxg5
41. Re1 Bb2 42. Rxe6+ Kd7 43. Rd6+ Kc7 44. Rxd5+ Kb7 45. Rxg5 a5 46. h4 Bc1 47.
Rg7+ Kb6 48. Bf2+ Ka6 49. h5 Ne5+ 50. Ke4 Bb2 51. Bd4 Bxd4 52. Kxd4 Nc6+ 53. Kc5
Ne5 54. h6 Nd3+ 55. Kd4 Nc1 56. h7 1-0

[Event "World Rapid Women 2018"]
[Site "St Petersburg RUS"]
[Date "2018.12.26"]
[Round "4.61"]
[White "Kirchei, Viktoriia"]
[Black "Bogumil, Tatiana"]
[Result "1-0"]
[BlackTitle "WGM"]
[WhiteElo "1972"]
[BlackElo "2114"]
[WhiteFideId "34133396"]
[BlackFideId "4110579"]
[EventDate "2018.12.26"]

1. e4 g6 2. d4 Bg7 3. Nc3 c6 4. Nf3 d6 5. Bc4 b5 6. Bb3 a5 7. a4 b4 8. Ne2 Nf6
9. Ng3 Ba6 10. Bf4 h6 11. Qd2 Nfd7 12. h4 Nb6 13. h5 g5 14. Nf5 gxf4 15. Nxg7+
Kf8 16. Qxf4 Bc4 17. Bxc4 Nxc4 18. Ne6+ Ke8 19. Nxd8 Kxd8 20. Qxf7 Nb6 21. d5 c5
22. e5 N8d7 23. e6 Nf6 24. O-O-O Rh7 25. Qg6 Kc7 26. Nh4 Rg8 27. Qd3 Rg5 28. Qb5
Rxh5 29. Qc6+ Kb8 30. Qxb6+ Kc8 31. Qa6+ Kb8 32. Qb5+ Kc8 33. g4 Nxg4 34. Qe8+ 1-0

[Event "World Rapid Women 2018"]
[Site "St Petersburg RUS"]
[Date "2018.12.26"]
[Round "4.62"]
[White "Iljushina, Olga"]
[Black "Tomashevskaya, Lidia"]
[Result "1-0"]
[WhiteTitle "WGM"]
[BlackTitle "WIM"]
[WhiteElo "2259"]
[BlackElo "2123"]
[WhiteFideId "4152280"]
[BlackFideId "4113110"]
[EventDate "2018.12.26"]

1. d4 Nf6 2. c4 g6 3. Nc3 d5 4. cxd5 Nxd5 5. Bd2 Bg7 6. e4 Nb6 7. Be3 O-O 8. Qd2
c6 9. Be2 Be6 10. b3 f5 11. Nf3 fxe4 12. Ng5 Bd5 13. O-O e5 14. dxe5 Bxe5 15.
Rad1 Qe7 16. Ngxe4 N8d7 17. Nxd5 cxd5 18. Nc3 Nf6 19. Bxb6 Bxc3 20. Qxc3 Qxe2
21. Bd4 Rac8 22. Qh3 Qg4 23. Qxg4 Nxg4 24. Bxa7 Ra8 25. Bc5 Rf5 26. a4 Rc8 27.
b4 h5 28. a5 Rc7 29. Rfe1 Rcf7 30. f3 Nf6 31. Re7 Rxe7 32. Bxe7 Kf7 33. Bc5 Nd7
34. Bd4 Ne5 35. b5 Ke6 36. Re1 Kd6 37. Bxe5+ Rxe5 38. Rxe5 1-0

[Event "World Rapid Women 2018"]
[Site "St Petersburg RUS"]
[Date "2018.12.27"]
[Round "5.2"]
[White "Muzychuk, Mariya"]
[Black "Abdumalik, Zhansaya"]
[Result "1-0"]
[WhiteTitle "GM"]
[BlackTitle "IM"]
[WhiteElo "2540"]
[BlackElo "2470"]
[WhiteFideId "14114550"]
[BlackFideId "13703544"]
[EventDate "2018.12.26"]

1. e4 c5 2. Nf3 e6 3. g3 a6 4. Bg2 b5 5. d4 cxd4 6. Nxd4 Bb7 7. O-O d6 8. a4
bxa4 9. Rxa4 Nd7 10. Nc3 Ngf6 11. Re1 Nc5 12. Ra3 Qb8 13. b4 Ncd7 14. b5 Nc5 15.
bxa6 Rxa6 16. Rxa6 Nxa6 17. Qd3 Nd7 18. Ba3 Nac5 19. Qb5 Ba6 20. Qxb8+ Nxb8 21.
Ndb5 Kd7 22. Rd1 Bxb5 23. Nxb5 Kc6 24. Nxd6 Bxd6 25. e5+ Kb5 26. exd6 Nbd7 27.
Rb1+ Kc4 28. Rb4+ Kc3 29. Rb5 Rc8 30. Bxc5 Rxc5 31. Rb7 Ne5 32. d7 Nxd7 33. Rxd7
Rf5 34. Be4 Rf6 35. Bxh7 1-0

[Event "World Rapid Women 2018"]
[Site "St Petersburg RUS"]
[Date "2018.12.27"]
[Round "5.3"]
[White "Stefanova, Antoaneta"]
[Black "Tan, Zhongyi"]
[Result "0-1"]
[WhiteTitle "GM"]
[BlackTitle "GM"]
[WhiteElo "2486"]
[BlackElo "2508"]
[WhiteFideId "2902257"]
[BlackFideId "8603642"]
[EventDate "2018.12.26"]

1. d4 d5 2. Bf4 Nf6 3. e3 Bg4 4. f3 Bd7 5. Nc3 e6 6. g4 a6 7. h4 c5 8. Qd2 Nc6
9. Nge2 Qa5 10. Bg2 b5 11. O-O Be7 12. Bg3 O-O 13. Kh1 Rac8 14. a3 Qb6 15. Nd1
Na5 16. dxc5 Qd8 17. b4 Nc4 18. Qe1 e5 19. Nec3 Bc6 20. a4 Re8 21. Qf2 Qd7 22.
axb5 axb5 23. Kg1 Bf8 24. g5 Nh5 25. Bh2 f5 26. Bh3 g6 27. Nb1 e4 28. fxe4 dxe4
29. Ndc3 Bg7 30. Rd1 Qb7 31. Ra2 Ne5 32. Ne2 Nf3+ 33. Kh1 Nxh2 34. Qxh2 Be5 35.
Qf2 Rcd8 36. Qf1 Bd5 37. Ra5 Bc4 38. Rxd8 Rxd8 39. Bxf5 Bxe2 40. Be6+ Kh8 41.
Qf7 Bf3+ 42. Kg1 Qxf7 43. Bxf7 Rd1+ 44. Kf2 Bg3# 0-1

[Event "World Rapid Women 2018"]
[Site "St Petersburg RUS"]
[Date "2018.12.27"]
[Round "5.4"]
[White "Saduakassova, Dinara"]
[Black "Lagno, Kateryna"]
[Result "1/2-1/2"]
[WhiteTitle "IM"]
[BlackTitle "GM"]
[WhiteElo "2472"]
[BlackElo "2560"]
[WhiteFideId "13700090"]
[BlackFideId "14109336"]
[EventDate "2018.12.26"]

1. d4 Nf6 2. c4 g6 3. g3 c6 4. Bg2 d5 5. Qa4 Bg7 6. cxd5 Nxd5 7. Nf3 Bg4 8. Ne5
Nb6 9. Qd1 Bxe5 10. dxe5 Qxd1+ 11. Kxd1 N8d7 12. h3 Be6 13. f4 O-O-O 14. Kc2 Nc5
15. Nc3 Nd5 16. Nxd5 Bxd5 17. Rg1 Bxg2 18. Rxg2 Rd5 19. Be3 Rhd8 20. Rgg1 Ne4
21. g4 g5 22. Raf1 gxf4 23. Rxf4 Rxe5 24. Rxf7 Nf6 25. Rg3 Nd5 26. Rff3 Rd6 27.
Rf8+ Kd7 28. Bxa7 Rxe2+ 29. Kb3 Rde6 30. Bd4 R6e4 31. Rf2 Re1 32. Bc3 R1e3 33.
Rgf3 c5 34. Kc2 b5 35. Bd2 Re2 36. Kd1 Rxf2 37. Rxf2 c4 38. a3 Ne3+ 39. Bxe3
Rxe3 40. Rf5 Rxh3 41. Rxb5 Rg3 42. Rh5 Rxg4 43. Rxh7 Rg2 44. Kc1 Kd6 45. a4 e5
46. a5 Rg1+ 47. Kc2 Ra1 48. a6 Kd5 49. a7 Kd4 50. Rd7+ Kc5 51. Re7 Kd6 52. Rh7
e4 53. Kd2 Kc5 54. Ke3 Ra4 55. Rc7+ Kb6 56. Rxc4 Rxa7 57. Kxe4 Rd7 58. Rd4 1/2-1/2

[Event "World Rapid Women 2018"]
[Site "St Petersburg RUS"]
[Date "2018.12.27"]
[Round "5.6"]
[White "Dzagnidze, Nana"]
[Black "Gunina, Valentina"]
[Result "0-1"]
[WhiteTitle "GM"]
[BlackTitle "GM"]
[WhiteElo "2513"]
[BlackElo "2496"]
[WhiteFideId "13601903"]
[BlackFideId "4167570"]
[EventDate "2018.12.26"]

1. c4 b6 2. Nf3 Bb7 3. Nc3 Nf6 4. d3 c5 5. e4 d6 6. g3 e6 7. Bg2 Be7 8. O-O O-O
9. Ne1 Nbd7 10. e5 Bxg2 11. exf6 Bxf1 12. fxe7 Qxe7 13. Kxf1 h6 14. Nf3 Nf6 15.
Kg2 Rad8 16. Qe2 Qb7 17. Bd2 Rfe8 18. Re1 d5 19. b3 dxc4 20. dxc4 e5 21. Ne4
Nxe4 22. Qxe4 Qxe4 23. Rxe4 f6 24. g4 Kf7 25. h4 Rd3 26. Re2 Red8 27. Be3 Rd1
28. Nd2 h5 29. gxh5 Rh8 30. Ne4 Rxh5 31. Nc3 Rd8 32. Kg3 Rdh8 33. Rd2 Ke6 34.
Nb5 Rxh4 35. Nc7+ Kf5 36. Kf3 g5 37. Rd6 e4+ 38. Ke2 Rf8 39. Nd5 Rh1 40. Bd2 Ra1
41. Bc3 Rxa2+ 42. Ke3 Ra3 43. Nxf6 Rxb3 44. Nxe4 Kg4 45. Rd5 Kh4 46. f3 g4 47.
fxg4 Re8 48. Rd3 Kxg4 49. Bd2 Rxd3+ 50. Kxd3 Rd8+ 51. Kc3 Kf3 52. Nf6 Rh8 53.
Nd5 Ke4 54. Nf6+ Ke5 55. Ng4+ Kf5 56. Ne3+ Ke4 57. Nd5 Rh3+ 58. Kc2 Kd4 59. Nf4
Rh2 0-1

[Event "World Rapid Women 2018"]
[Site "St Petersburg RUS"]
[Date "2018.12.27"]
[Round "5.7"]
[White "Mammadova, Gulnar"]
[Black "Paehtz, Elisabeth"]
[Result "1-0"]
[WhiteTitle "IM"]
[BlackTitle "IM"]
[WhiteElo "2368"]
[BlackElo "2487"]
[WhiteFideId "13403508"]
[BlackFideId "4641833"]
[EventDate "2018.12.26"]

1. e4 e6 2. Qe2 e5 3. Nf3 Nc6 4. c3 d6 5. g3 g6 6. d4 exd4 7. Nxd4 Bg7 8. Be3
Nf6 9. Bg2 O-O 10. O-O Bd7 11. h3 Re8 12. Nd2 a6 13. Rfe1 Nxd4 14. cxd4 Bc6 15.
d5 Bb5 16. Qd1 a5 17. Qb3 Ba6 18. Rac1 Nd7 19. Nc4 b6 20. a4 Bxc4 21. Rxc4 Nc5
22. Qc2 Na6 23. b3 Qd7 24. Kh2 Re7 25. h4 Rae8 26. Bg5 f6 27. Bh3 Qd8 28. Be3
Rf8 29. Be6+ Kh8 30. Qe2 c5 31. h5 g5 32. h6 Bxh6 33. Qh5 Rxe6 34. dxe6 Bg7 35.
f4 gxf4 36. gxf4 f5 37. exf5 d5 38. Rc2 d4 39. Bf2 Qe7 40. Bh4 Bf6 41. Bxf6+
Rxf6 42. Rg2 Nc7 43. Qg5 Qf8 44. e7 Qh6+ 45. Kg1 Qxg5 46. fxg5 Rxf5 47. e8=Q+
Nxe8 48. Rxe8+ Kg7 49. Re7+ 1-0

[Event "World Rapid Women 2018"]
[Site "St Petersburg RUS"]
[Date "2018.12.27"]
[Round "5.8"]
[White "Koneru, Humpy"]
[Black "Voit, Daria"]
[Result "1-0"]
[WhiteTitle "GM"]
[BlackTitle "FM"]
[WhiteElo "2541"]
[BlackElo "2358"]
[WhiteFideId "5008123"]
[BlackFideId "4182146"]
[EventDate "2018.12.26"]

1. Nf3 Nf6 2. c4 e6 3. Nc3 Bb4 4. Qc2 c5 5. a3 Ba5 6. e3 O-O 7. Be2 Nc6 8. O-O
d5 9. Na4 Bb6 10. Nxb6 Qxb6 11. b3 d4 12. exd4 Nxd4 13. Nxd4 cxd4 14. Bb2 e5 15.
c5 Qd8 16. Bd3 Re8 17. Rae1 Qd5 18. Bc4 Qd8 19. Qd3 g6 20. b4 Bf5 21. Qb3 Qc7
22. f4 Rad8 23. fxe5 Rxe5 24. Qg3 Rde8 25. Bxd4 Nd7 26. Bxe5 Rxe5 27. d4 1-0

[Event "World Rapid Women 2018"]
[Site "St Petersburg RUS"]
[Date "2018.12.27"]
[Round "5.9"]
[White "Ambartsumova, Karina"]
[Black "Goryachkina, Aleksandra"]
[Result "0-1"]
[WhiteTitle "WGM"]
[BlackTitle "GM"]
[WhiteElo "2383"]
[BlackElo "2518"]
[WhiteFideId "4166299"]
[BlackFideId "4147103"]
[EventDate "2018.12.26"]

1. Nf3 d5 2. e3 Nf6 3. c4 c6 4. b3 e6 5. Bb2 Bd6 6. Nc3 O-O 7. Be2 e5 8. cxd5
cxd5 9. Nb5 e4 10. Nfd4 Be5 11. Ne6 fxe6 12. Bxe5 Nc6 13. Bc7 Qd7 14. Bg3 e5 15.
d4 exd3 16. Bxd3 a6 17. Nc3 d4 18. Ne4 dxe3 19. fxe3 Nxe4 20. Bxe4 Qe7 21. Qc2
Qb4+ 22. Ke2 Bg4+ 23. Bf3 Be6 24. Rhd1 Rac8 25. Qe4 Qb6 26. Kf1 Bf5 27. Qd5+ Kh8
28. Bf2 e4 29. Be2 Rcd8 30. Qc4 Ne5 31. Qc3 Nd3 32. Bxd3 exd3 33. Kg1 Be4 34.
Rd2 Rf6 35. Qe5 Re6 36. Qf4 h6 37. Rc1 Rde8 38. Qc7 Qb4 39. Qc3 Qe7 40. Qd4 Rd8
41. Qc5 Qe8 42. Qc7 Bc6 43. Re1 Rd7 44. Qf4 Rf7 45. Qd4 Be4 46. Bg3 Rd7 47. Qc5
Rc6 48. Qe5 Qxe5 49. Bxe5 Rc2 50. Red1 Rd5 51. Bd4 Rg5 52. g3 Rf5 53. Rxc2 dxc2
54. Rc1 Kg8 55. Bc3 g5 56. Bb2 Rd5 57. Bd4 g4 58. Kf2 Bd3 59. Ke1 Rf5 60. e4
Bxe4 61. Kd2 Rh5 62. Bg1 Rd5+ 63. Ke2 Rd1 64. Be3 Bd3+ 65. Kf2 h5 66. Bf4 Kf7
67. Be3 Ke6 68. a3 Kd5 69. Bg5 a5 70. Bh6 b5 71. Bg5 a4 72. bxa4 bxa4 73. Bh6
Kc4 0-1

[Event "World Rapid Women 2018"]
[Site "St Petersburg RUS"]
[Date "2018.12.27"]
[Round "5.10"]
[White "Galliamova, Alisa"]
[Black "Ushenina, Anna"]
[Result "1/2-1/2"]
[WhiteTitle "IM"]
[BlackTitle "GM"]
[WhiteElo "2444"]
[BlackElo "2440"]
[WhiteFideId "4129725"]
[BlackFideId "14110911"]
[EventDate "2018.12.26"]

1. d4 d5 2. g3 Nf6 3. Bg2 e6 4. Nf3 c5 5. O-O Nc6 6. b3 Be7 7. Bb2 O-O 8. dxc5
Bxc5 9. c4 dxc4 10. Qc1 Qe7 11. Qxc4 e5 12. Nbd2 Re8 13. Ng5 Bd7 14. Nge4 Nxe4
15. Nxe4 Bd4 16. Nc3 Be6 17. Qd3 Red8 18. e3 Bc5 19. Qe2 f5 20. Bxc6 bxc6 21.
Rfd1 h6 22. Na4 Bd6 23. Rac1 Bd5 24. Nc3 Be6 25. Na4 Bd5 26. Nc3 Be6 27. Na4 Bd5
28. Nc3 1/2-1/2

[Event "World Rapid Women 2018"]
[Site "St Petersburg RUS"]
[Date "2018.12.27"]
[Round "5.11"]
[White "Arabidze, Meri"]
[Black "Tsolakidou, Stavroula"]
[Result "1-0"]
[WhiteTitle "IM"]
[BlackTitle "IM"]
[WhiteElo "2387"]
[BlackElo "2387"]
[WhiteFideId "13604040"]
[BlackFideId "4264312"]
[EventDate "2018.12.26"]

1. d4 Nf6 2. c4 e6 3. Nc3 Bb4 4. f3 c5 5. d5 d6 6. e4 b5 7. Ne2 bxc4 8. Nf4 g5
9. Ne2 exd5 10. exd5 h6 11. Ng3 Nbd7 12. Bxc4 Nb6 13. Bb5+ Bd7 14. Bxd7+ Qxd7
15. O-O Bxc3 16. bxc3 O-O-O 17. Qd3 Nfxd5 18. a4 Ne7 19. a5 Nbd5 20. Bd2 Rhe8
21. Rfb1 Qc6 22. c4 Nc7 23. Ne4 d5 24. cxd5 Rxd5 25. Qc3 Red8 26. Be3 Na6 27.
Qc4 Nf5 28. Bf2 Nd6 29. Nxd6+ Qxd6 30. Qb5 Rd7 31. Bg3 1-0

[Event "World Rapid Women 2018"]
[Site "St Petersburg RUS"]
[Date "2018.12.27"]
[Round "5.12"]
[White "Bivol, Alina"]
[Black "Zhao, Xue"]
[Result "1/2-1/2"]
[WhiteTitle "WGM"]
[BlackTitle "GM"]
[WhiteElo "2393"]
[BlackElo "2485"]
[WhiteFideId "4100123"]
[BlackFideId "8601283"]
[EventDate "2018.12.26"]

1. Nf3 Nf6 2. g3 d5 3. Bg2 b5 4. O-O e6 5. d3 Be7 6. e4 O-O 7. e5 Nfd7 8. Re1 c5
9. c3 Nc6 10. d4 b4 11. h4 Rb8 12. Nbd2 bxc3 13. bxc3 Qa5 14. Nb3 Qa4 15. dxc5
Nxc5 16. Nbd4 Na5 17. Bd2 Qxd1 18. Rexd1 Bd7 19. Bf1 Ne4 20. Be1 Ba4 21. Rdb1
Ba3 22. Rxb8 Rxb8 23. Bd3 Nc5 24. Rb1 Bb2 25. Bb5 Nc4 26. Bxc4 dxc4 27. Nd2 Nd3
28. Nxc4 h5 29. Bd2 f6 30. Nxb2 Rxb2 31. Rxb2 Nxb2 32. Nxe6 fxe5 33. Be3 a5 34.
Nc5 Bc6 35. Kf1 Kf7 36. Bc1 Bb5+ 37. Ke1 Nd3+ 38. Nxd3 Bxd3 39. Kd2 Bc4 40. a3
Ke6 41. Ke3 Bb3 42. Ke4 Bc2+ 43. Ke3 Bb3 1/2-1/2

[Event "World Rapid Women 2018"]
[Site "St Petersburg RUS"]
[Date "2018.12.27"]
[Round "5.13"]
[White "Dordzhieva, Dinara"]
[Black "Girya, Olga"]
[Result "0-1"]
[WhiteTitle "WIM"]
[BlackTitle "WGM"]
[WhiteElo "2340"]
[BlackElo "2454"]
[WhiteFideId "24157570"]
[BlackFideId "4195752"]
[EventDate "2018.12.26"]

1. Nf3 d5 2. g3 c6 3. c4 Bg4 4. Bg2 e6 5. cxd5 Bxf3 6. Bxf3 cxd5 7. O-O Nc6 8.
d3 Nf6 9. Bg2 Be7 10. e4 dxe4 11. dxe4 Qxd1 12. Rxd1 O-O 13. Nc3 Rfd8 14. Bd2
Ng4 15. Be1 Nge5 16. Kf1 Kf8 17. Rab1 g5 18. h3 h5 19. b3 Bb4 20. Ne2 Bxe1 21.
Kxe1 Nb4 22. a4 Ke7 23. h4 gxh4 24. gxh4 Ng6 25. Bf3 Nxh4 26. Bxh5 Rh8 27. Ng3
f5 28. exf5 exf5 29. Kf1 Rad8 30. Rxd8 Rxd8 31. Rd1 Rd3 32. Rxd3 Nxd3 33. Be2
Nc5 34. Bc4 Kf6 35. Ke2 Ke5 36. Nf1 Kd4 37. Ne3 f4 38. Nd5 f3+ 39. Ke1 Ng2+ 40.
Kf1 Nxa4 41. Ne3 Nb2 42. Nf5+ Ke5 43. Ne7 Nxc4 44. bxc4 a5 45. Nd5 Kd4 46. Nb6
Kc5 47. Nd7+ Kb4 48. Ne5 Nh4 49. Ke1 Kc3 50. c5 a4 51. Kd1 a3 0-1

[Event "World Rapid Women 2018"]
[Site "St Petersburg RUS"]
[Date "2018.12.27"]
[Round "5.14"]
[White "Doan, Thi Van Anh"]
[Black "Cramling, Pia"]
[Result "1/2-1/2"]
[WhiteTitle "WFM"]
[BlackTitle "GM"]
[WhiteElo "1950"]
[BlackElo "2465"]
[WhiteFideId "12400491"]
[BlackFideId "1700030"]
[EventDate "2018.12.26"]

1. d4 Nf6 2. c4 e6 3. Nc3 Bb4 4. e3 O-O 5. Bd3 d5 6. cxd5 exd5 7. Bd2 Re8 8. a3
Bd6 9. h3 c6 10. Nf3 a5 11. O-O Ne4 12. Be1 Bf5 13. Qc2 Nd7 14. Rb1 Ndf6 15. b4
axb4 16. axb4 Nxc3 17. Bxc3 Bxd3 18. Qxd3 Ra3 19. Qc2 Ne4 20. Bd2 Qa8 21. b5 Rc8
22. bxc6 Rxc6 23. Qd1 Ra2 24. Be1 Rac2 25. Qd3 Rc1 26. Rxc1 Rxc1 27. Qb5 Nf6 28.
Bd2 Rxf1+ 29. Kxf1 h6 30. g4 Qa1+ 31. Ke2 Qh1 32. Qxb7 Qxh3 33. Qc8+ Kh7 34.
Qf5+ Kg8 35. Qc8+ Kh7 36. Qf5+ Kg8 37. Qc8+ Kh7 1/2-1/2

[Event "World Rapid Women 2018"]
[Site "St Petersburg RUS"]
[Date "2018.12.27"]
[Round "5.15"]
[White "Lei, Tingjie"]
[Black "Berend, Elvira"]
[Result "1-0"]
[WhiteTitle "GM"]
[BlackTitle "WGM"]
[WhiteElo "2453"]
[BlackElo "2332"]
[WhiteFideId "8605114"]
[BlackFideId "4000510"]
[EventDate "2018.12.26"]

1. Nf3 Nf6 2. c4 c5 3. Nc3 Nc6 4. g3 e5 5. Bg2 d6 6. O-O g6 7. a3 a5 8. Ne1 Bg7
9. Nc2 O-O 10. Rb1 a4 11. Ne3 Nd4 12. d3 Ra7 13. Ned5 Nxd5 14. Bxd5 Bd7 15. e3
Nb3 16. Nb5 Bxb5 17. cxb5 Nxc1 18. Qxc1 Kh8 19. Qc4 f5 20. b3 axb3 21. Rxb3 b6
22. a4 Qf6 23. Rbb1 Ra5 24. Bb7 Qf7 25. Bd5 Qf6 26. Ra1 Qe7 27. Ra2 f4 28. Qe4
Qf6 29. Raa1 g5 30. Qg2 Qh6 31. Be4 f3 32. Bxf3 e4 33. Bxe4 Bxa1 34. Rxa1 Qf6
35. Ra2 Qc3 36. Qf1 Ra7 37. Qd1 Qe5 38. Qb3 Qf6 39. Qc4 h5 40. Bd5 Re7 41. Qc1
h4 42. Qd1 Rh7 43. Be4 Ra7 44. Qh5+ Kg8 45. Qg4 Kg7 46. Bg2 Kh6 47. f4 gxf4 48.
Qxf4+ Qxf4 49. gxf4 Kg6 50. Kf2 Kf6 51. Bd5 Rb8 52. e4 Rg7 53. Kf3 Rg1 54. a5
bxa5 55. Rxa5 Rb1 56. Ra6 R8xb5 57. Rxd6+ Kg7 58. Kg4 Rg1+ 59. Kf5 Rb2 60. Rd7+
Kh6 61. Rd8 Kh7 62. e5 Rxh2 63. e6 Re2 64. Be4 Rg7 65. Kf6+ Rxe4 66. dxe4 Rg6+
67. Ke5 Rg7 68. Rd3 Rg3 69. e7 1-0

[Event "World Rapid Women 2018"]
[Site "St Petersburg RUS"]
[Date "2018.12.27"]
[Round "5.16"]
[White "Mammadzada, Gunay"]
[Black "Danielian, Elina"]
[Result "1-0"]
[WhiteTitle "IM"]
[BlackTitle "GM"]
[WhiteElo "2422"]
[BlackElo "2427"]
[WhiteFideId "13403729"]
[BlackFideId "13300210"]
[EventDate "2018.12.26"]

1. e4 e6 2. d4 d5 3. Nd2 Nc6 4. Ngf3 Nf6 5. e5 Nd7 6. Be2 Be7 7. Nf1 f6 8. exf6
Bxf6 9. Ne3 Nf8 10. Ng4 Ng6 11. Nxf6+ Qxf6 12. Bg5 Qf7 13. Qd2 h6 14. Be3 Bd7
15. h4 O-O-O 16. h5 Nge7 17. O-O-O Rhf8 18. g4 Ng8 19. Ne5 Nxe5 20. dxe5 Kb8 21.
Rh3 Ne7 22. f4 b6 23. b4 Bc8 24. Qc3 Qe8 25. Rf1 d4 26. Bxd4 Nd5 27. Qd2 Qa4 28.
c3 Qa3+ 29. Qb2 Qxb2+ 30. Kxb2 Rxf4 31. a3 Bb7 32. Rg3 a5 33. Rxf4 Nxf4 34. Bc4
axb4 35. axb4 Nd5 36. Kb3 Rf8 37. g5 Nf4 38. gxh6 gxh6 39. Be3 Nxh5 40. Rg6 Nf4
41. Rf6 Rxf6 42. exf6 Ng6 43. f7 h5 44. Bd3 Nf8 45. Bh6 Nd7 46. f8=Q+ Nxf8 47.
Bxf8 h4 48. Bf1 e5 49. Be7 Kc8 50. Bh3+ Kb8 51. Bxh4 Bd5+ 52. c4 Bb7 53. Kc3 Bf3
54. Bg3 e4 55. Bf2 Kb7 56. Kd4 Kc6 57. Bf5 Kd6 58. Bg3+ Ke7 59. Bxe4 c5+ 60.
bxc5 bxc5+ 61. Kd3 Bh5 62. Bd5 Kd7 63. Kc3 Be8 64. Kb3 Ke7 65. Bb7 Ke6 66. Ba6
Bc6 67. Bb5 Bf3 68. Ka4 Kf5 69. Bf2 Be2 70. Bxc5 Ke5 71. Kb4 Ke4 72. Bb6 1-0

[Event "World Rapid Women 2018"]
[Site "St Petersburg RUS"]
[Date "2018.12.27"]
[Round "5.17"]
[White "Nguyen, Thi Mai Hung"]
[Black "Bodnaruk, Anastasia"]
[Result "1/2-1/2"]
[WhiteTitle "WGM"]
[BlackTitle "IM"]
[WhiteElo "2280"]
[BlackElo "2420"]
[WhiteFideId "12401676"]
[BlackFideId "4181751"]
[EventDate "2018.12.26"]

1. d4 Nf6 2. Nf3 g6 3. g3 Bg7 4. Bg2 O-O 5. O-O d5 6. b3 a5 7. Bb2 Bf5 8. c4 c6
9. Nc3 Ne4 10. Nh4 Nxc3 11. Bxc3 Be6 12. Qd3 a4 13. Rfd1 axb3 14. axb3 Rxa1 15.
Rxa1 Qb6 16. Ra3 Na6 17. c5 Qd8 18. Ba5 Qc8 19. e3 Nc7 20. Bxc7 Qxc7 21. b4 b6
22. Qc2 Rb8 23. Bf1 Bf6 24. Ra6 Bc8 25. cxb6 Rxb6 26. Rxb6 Qxb6 27. b5 Bxh4 28.
gxh4 Bd7 29. bxc6 Bxc6 30. Be2 h5 31. Bf3 Kg7 32. Kg2 Bb7 33. Qc5 Qxc5 34. dxc5
e5 35. Kg3 Kf6 36. Be2 Bc6 37. f4 Ke6 38. Ba6 d4 39. exd4 exd4 40. Bc4+ Bd5 41.
Bd3 Kd7 42. Bb5+ Ke6 43. Bd3 Bc6 44. Bc4+ Bd5 45. Bd3 Ke7 46. f5 gxf5 47. Kf4
Kf6 48. Bxf5 Bc6 49. Be4 Bb5 50. Bf3 d3 51. Ke3 Ke5 52. Bxh5 f5 53. Bf3 f4+ 54.
Kd2 Kf6 55. Kc3 Ke5 56. h5 Kf5 57. c6 Bxc6 58. Bxc6 f3 59. Bxf3 Kg5 60. Kd4 Kh6
61. Ke5 d2 62. Bd1 Kg7 63. Kf5 Kh6 64. Kf6 Kh7 65. Kf7 Kh8 66. Kg6 Kg8 67. h6
Kh8 68. Kh5 Kh7 69. Bc2+ Kh8 70. h7 d1=Q+ 71. Bxd1 Kxh7 72. Bc2+ Kg7 73. Kg5 Kh8
74. Kh6 Kg8 75. Bg6 Kh8 1/2-1/2

[Event "World Rapid Women 2018"]
[Site "St Petersburg RUS"]
[Date "2018.12.27"]
[Round "5.18"]
[White "Khotenashvili, Bela"]
[Black "Garifullina, Leya"]
[Result "1-0"]
[WhiteTitle "GM"]
[BlackTitle "WCM"]
[WhiteElo "2479"]
[BlackElo "2132"]
[WhiteFideId "13602640"]
[BlackFideId "34127035"]
[EventDate "2018.12.26"]

1. d4 Nf6 2. Bg5 e6 3. e4 h6 4. Bxf6 Qxf6 5. c3 d5 6. Bd3 c6 7. Nd2 Qd8 8. Ngf3
Be7 9. Qe2 Nd7 10. h4 b6 11. h5 Bb7 12. e5 c5 13. O-O Qc7 14. Nh2 O-O-O 15. f4
Kb8 16. a4 Rde8 17. a5 c4 18. Bc2 f5 19. exf6 Bxf6 20. axb6 axb6 21. Ng4 Rhf8
22. Bg6 Re7 23. Ne5 Rc8 24. Ndf3 Nf8 25. Qc2 b5 26. b4 Qb6 27. Ra5 Kc7 28. Rfa1
Rb8 29. Ra7 Kc8 30. Ng4 Qd6 31. Nfe5 Qb6 32. R1a5 Rc7 33. Be8 Kd8 34. Bxb5 Qd6
35. Ba4 Bh4 36. Kh2 Bf6 37. Qa2 Kc8 38. Bc2 Qe7 39. g3 Qd6 40. Qa4 Bd8 41. Rc5
Nh7 42. Bxh7 Qe7 43. Bg6 Qf8 44. Qd7# 1-0

[Event "World Rapid Women 2018"]
[Site "St Petersburg RUS"]
[Date "2018.12.27"]
[Round "5.19"]
[White "Vega Gutierrez, Sabrina"]
[Black "Javakhishvili, Lela"]
[Result "0-1"]
[WhiteTitle "IM"]
[BlackTitle "IM"]
[WhiteElo "2390"]
[BlackElo "2464"]
[WhiteFideId "2219026"]
[BlackFideId "13601458"]
[EventDate "2018.12.26"]

1. e4 c5 2. Nf3 a6 3. c3 d5 4. exd5 Qxd5 5. d4 e6 6. Be3 Nf6 7. Be2 Nbd7 8. O-O
Be7 9. c4 Qd6 10. Nc3 O-O 11. Qd2 cxd4 12. Nxd4 Qc7 13. Rac1 b6 14. Bf4 e5 15.
Nf5 Nc5 16. Nxe7+ Qxe7 17. Bf3 e4 18. Qe3 Re8 19. Be2 Bg4 20. Bg5 Bxe2 21. Qxe2
Qe5 22. Bxf6 Qxf6 23. b4 Nd3 24. Nxe4 Qd4 25. Rcd1 Nf4 26. Qf3 Qxe4 27. Qxe4
Rxe4 28. Rd6 Rxc4 29. Rxb6 Nd5 30. Rd6 Nxb4 31. a3 Nc2 32. g3 Nxa3 33. Ra1 Rc3
34. Re1 h6 35. Re7 Nb5 36. Rdd7 Rf3 37. Kg2 Rf6 38. h4 a5 39. g4 a4 40. g5 hxg5
41. hxg5 Rf5 42. g6 Rg5+ 43. Kf1 Rxg6 0-1

[Event "World Rapid Women 2018"]
[Site "St Petersburg RUS"]
[Date "2018.12.27"]
[Round "5.20"]
[White "Batsiashvili, Nino"]
[Black "Protopopova, Anastasiya"]
[Result "1-0"]
[WhiteTitle "GM"]
[BlackTitle "WFM"]
[WhiteElo "2459"]
[BlackElo "2304"]
[WhiteFideId "13602993"]
[BlackFideId "24172073"]
[EventDate "2018.12.26"]

1. Nf3 c5 2. e3 d5 3. c4 e6 4. b3 Nc6 5. Bb2 d4 6. exd4 cxd4 7. d3 Nf6 8. g3 e5
9. Bg2 Bd6 10. O-O O-O 11. Re1 Re8 12. a3 a5 13. Nbd2 h6 14. Qc2 Bc5 15. Ne4
Nxe4 16. Rxe4 Bf5 17. Ree1 Qc7 18. Nd2 Bh7 19. Ne4 Bf8 20. c5 f5 21. Nd2 Rad8
22. b4 Kh8 23. b5 Nb8 24. Rac1 Rc8 25. c6 bxc6 26. bxc6 e4 27. dxe4 Qxc6 28.
Qxc6 Nxc6 29. e5 Ne7 30. Bxd4 Bg8 31. Bc5 Be6 32. Nf3 Nd5 33. Bxf8 Rxf8 34. Nd4
Bg8 35. Rxc8 Rxc8 36. Nxf5 Rc3 37. Bxd5 Bxd5 38. e6 g6 39. e7 Bc6 40. e8=Q+ 1-0